Normal view
MARC view
Entry Personal Name
001 - CONTROL NUMBER
- control field: 89399
003 - CONTROL NUMBER IDENTIFIER
- control field: dpl
005 - DATE AND TIME OF LATEST TRANSACTION
- control field: 20260616105944.0
008 - FIXED-LENGTH DATA ELEMENTS
- fixed length control field: 260616|| aca||aabn | a|a d
040 ## - CATALOGING SOURCE
- Original cataloging agency: dpl
- Transcribing agency: dpl
100 ## - HEADING--PERSONAL NAME
- Personal name: Roy Lazer A
670 ## - SOURCE DATA FOUND
- Source citation: Work cat.: (dpl)216674: Roy Lazer A., A Theory of Religious Praxis/, 2024
